00510nam a2200193 a 4500001001300000003000900013005001700022008004100039020002400080082001700104100001900121245004500140260003300185300001000218500003500228505001000263650002400273700001900297nice12345678IN_TiNIC20260116014950.0050524s1992 lona grp 000 0 eng  a0716235 c12.500a291.172bCRA aCragg, Kenneth aTo Meet and to Greetb Faith With Faith. aLondonbEpworth Press c1992 a216p. aincludes index and biblioraphy2 aIndex aInterfaith Dialogue1 aCragg, Kenneth